[Event "FIDE World Bl Team Pool B"]
[Site "London ENG"]
[Date "2025.06.14"]
[Round "2.3"]
[White "Czopor, Maciej"]
[Black "Ratnesan, Ranesh"]
[Result "1-0"]
[WhiteTitle "IM"]
[BlackTitle "CM"]
[WhiteElo "2423"]
[BlackElo "2138"]
[WhiteTeam "Wood Green"]
[BlackTeam "Oxbridge"]
[WhiteFideId "21805431"]
[BlackFideId "439339"]
[EventDate "2025.06.14"]
[EventType "team"]

1. c4 c5 2. Nf3 g6 3. e4 Bg7 4. d4 cxd4 5. Nxd4 Nc6 6. Be3 d6 7. Nc3 Nf6 8. Be2
O-O 9. O-O Bd7 10. h3 Re8 11. Re1 a6 12. Bf1 Rc8 13. Rc1 Qa5 14. Nb3 Qd8 15. Nd5
Nxd5 16. exd5 Na5 17. Nd4 b5 18. cxb5 Rxc1 19. Qxc1 axb5 20. Nc6 Nxc6 21. dxc6
Be6 22. Bxb5 Qa5 23. a4 Bxb2 24. Bd2 Bxc1 25. Bxa5 Bf4 26. Rxe6 fxe6 27. c7 Rf8
28. Bd7 Kf7 29. c8=Q Rxc8 30. Bxc8 d5 31. Bb6 1-0

[Event "FIDE World Bl Team Pool B"]
[Site "London ENG"]
[Date "2025.06.14"]
[Round "2.4"]
[White "Rushbrooke, Remy"]
[Black "Wadsworth, Matthew J"]
[Result "0-1"]
[BlackTitle "IM"]
[WhiteElo "2090"]
[BlackElo "2481"]
[WhiteTeam "Oxbridge"]
[BlackTeam "Wood Green"]
[WhiteFideId "443590"]
[BlackFideId "415804"]
[EventDate "2025.06.14"]
[EventType "team"]

1. d4 Nf6 2. Nc3 d5 3. Bg5 h6 4. Bxf6 exf6 5. e3 c6 6. Bd3 Bd6 7. h4 h5 8. Nce2
g6 9. Nf3 Bg4 10. c4 dxc4 11. Bxc4 O-O 12. Qc2 Kg7 13. O-O-O Nd7 14. e4 Rc8 15.
e5 Bb8 16. Nf4 fxe5 17. Nxe5 Nxe5 18. dxe5 Bxd1 19. Rxd1 Qxh4 20. g3 Qg5 21. Rd7
Bxe5 22. Qd2 Bxf4 23. gxf4 Qf6 24. Rxb7 Rcd8 25. Qe3 Rd4 26. Bb3 Qxf4 0-1

[Event "FIDE World Bl Team Pool B"]
[Site "London ENG"]
[Date "2025.06.14"]
[Round "2.5"]
[White "Orlovska, Madara"]
[Black "Hng, Mei-Xian Eunice"]
[Result "1-0"]
[BlackTitle "WFM"]
[WhiteElo "2059"]
[BlackElo "2066"]
[WhiteTeam "Wood Green"]
[BlackTeam "Oxbridge"]
[WhiteFideId "11601825"]
[BlackFideId "5806585"]
[EventDate "2025.06.14"]
[EventType "team"]

1. d4 Nf6 2. Nc3 d6 3. e4 c6 4. Bf4 Qa5 5. f3 Nbd7 6. Qd2 e5 7. Be3 Be7 8. O-O-O
b5 9. Kb1 b4 10. Nce2 Rb8 11. Nc1 Qc7 12. g4 h6 13. h4 a5 14. Nge2 exd4 15. Nxd4
Ne5 16. Be2 Bd7 17. Nf5 Bxf5 18. gxf5 a4 19. Rhg1 Rg8 20. f4 Ned7 21. Bf3 Kf8
22. Nd3 b3 23. cxb3 axb3 24. a3 Nb6 25. Rc1 Nfd7 26. e5 d5 27. e6 fxe6 28. fxe6
Nc4 29. Qe2 Nf6 30. Bd4 Qa5 31. Bc3 Qc7 32. Ne5 Nxe5 33. Bxe5 Bd6 34. Bxf6 gxf6
35. Rxg8+ Kxg8 36. Bxd5 Kf8 37. Bxc6 Qe7 38. f5 Rc8 39. Qe3 Qg7 40. Rg1 Qh7 41.
Rg6 Rxc6 42. Rxh6 Qg7 43. Rg6 Qh7 44. Rxf6+ Ke8 45. Qe4 Rc8 46. Qa4+ Ke7 47.
Rf7+ Qxf7 48. exf7 Rf8 49. Qxb3 Rxf7 50. Qe6+ 1-0

[Event "FIDE World Bl Team Pool B"]
[Site "London ENG"]
[Date "2025.06.14"]
[Round "2.6"]
[White "Nayberg, Simona"]
[Black "Barwick, Carmel"]
[Result "0-1"]
[WhiteElo "1819"]
[BlackElo "1915"]
[WhiteTeam "Oxbridge"]
[BlackTeam "Wood Green"]
[WhiteFideId "2075180"]
[BlackFideId "442925"]
[EventDate "2025.06.14"]
[EventType "team"]

1. e4 c5 2. c3 Nf6 3. e5 Nd5 4. d4 cxd4 5. cxd4 e6 6. Nc3 Nxc3 7. bxc3 b6 8. f4
Bb7 9. Nf3 Qc7 10. Bd2 d6 11. Bd3 Nd7 12. O-O Be7 13. Qe1 O-O 14. f5 dxe5 15.
dxe5 Bxf3 16. Rxf3 Nxe5 17. Qf2 Bc5 18. Re3 Nxd3 19. Qh4 Bxe3+ 20. Bxe3 Qxc3 21.
Bd4 Qd2 22. Bxg7 Kxg7 23. Qd4+ e5 24. Qg4+ Kh8 25. f6 Qf2+ 26. Kh1 Qxf6 27. Rg1
Nf2# 0-1

[Event "FIDE World Bl Team Pool B"]
[Site "London ENG"]
[Date "2025.06.14"]
[Round "2.1"]
[White "Murawski, Jan"]
[Black "Turner, Matthew J"]
[Result "0-1"]
[WhiteTitle "CM"]
[BlackTitle "GM"]
[WhiteElo "2164"]
[BlackElo "2441"]
[WhiteTeam "UK Chess Challenge Masters"]
[BlackTeam "Sassy Seniors"]
[WhiteFideId "21009287"]
[BlackFideId "402893"]
[EventDate "2025.06.14"]
[EventType "team"]

1. d4 Nf6 2. c4 e6 3. Nf3 b6 4. g3 Ba6 5. Nbd2 c5 6. Bg2 Nc6 7. dxc5 Bxc5 8. O-O
O-O 9. b3 d5 10. cxd5 Nxd5 11. Bb2 Rc8 12. a3 Be7 13. Re1 Bf6 14. Qb1 Nc3 15.
Bxc3 Bxc3 16. Ra2 Nd4 17. Nxd4 Qxd4 18. e3 Qd7 19. Rd1 Be2 20. Re1 Bxd2 21. Rxe2
Rc1+ 22. Qxc1 Bxc1 23. Bf1 g6 24. b4 Rc8 25. a4 Qd1 26. Kg2 Ba3 27. Rxa3 Rc1 28.
Raa2 Qxf1+ 29. Kf3 Qh1+ 30. Kf4 Kg7 31. Rad2 f5 32. h4 Qe4+ 0-1

[Event "FIDE World Bl Team Pool B"]
[Site "London ENG"]
[Date "2025.06.14"]
[Round "2.2"]
[White "Dishman, Stephen"]
[Black "Sefton, Adam"]
[Result "1/2-1/2"]
[WhiteTitle "FM"]
[WhiteElo "2274"]
[BlackElo "2047"]
[WhiteTeam "Sassy Seniors"]
[BlackTeam "UK Chess Challenge Masters"]
[WhiteFideId "403024"]
[BlackFideId "343400965"]
[EventDate "2025.06.14"]
[EventType "team"]

1. d4 Nf6 2. Bg5 e6 3. Nd2 d5 4. e3 Nbd7 5. Ngf3 Bd6 6. Bd3 c6 7. O-O h6 8. Bh4
O-O 9. e4 dxe4 10. Nxe4 Be7 11. Nxf6+ Nxf6 12. Qe2 Nd5 13. Bg3 g6 14. a3 b6 15.
c4 Nf6 16. Rad1 Bb7 17. Ne5 Qc8 18. Rfe1 c5 19. d5 exd5 20. Nxg6 fxg6 21. Qxe7
Rf7 22. Qd6 Kg7 23. Re7 Qd8 24. Rde1 Qxd6 25. Bxd6 Rf8 26. Rxb7 Rxb7 27. Bxf8+
Kxf8 28. cxd5 Nxd5 29. Bxg6 Nf4 30. Bf5 Rf7 31. g4 h5 32. f3 h4 33. Rd1 Ne2+ 34.
Kf2 Nd4 35. Be4 Kg7 36. Ke3 Kh6 37. f4 Re7 38. g5+ Kh5 39. Rg1 Nf5+ 40. Kd3 c4+
41. Kxc4 Rxe4+ 42. Kd5 Rxf4 43. g6 Ng7 44. Kc6 Rf6+ 45. Kb7 a5 46. b4 axb4 47.
axb4 b5 48. Rc1 Rxg6 49. Rc5+ Rg5 50. Kb6 Ne6 51. Rxg5+ Kxg5 52. Kxb5 Kg4 53.
Kc6 Kh3 54. Kd6 Nd4 55. Kc5 Ne6+ 56. Kd6 Nd4 57. Kc5 Nf5 58. b5 Ng7 59. Kd6 Ne8+
60. Kd7 Nf6+ 61. Kd6 Ne4+ 62. Kc6 Ng5 63. b6 Ne6 64. Kd6 Nd8 65. Kc7 Ne6+ 66.
Kd6 Nd8 67. Kc7 Ne6+ 68. Kd6 Nd8 69. Kc7 1/2-1/2

[Event "FIDE World Bl Team Pool B"]
[Site "London ENG"]
[Date "2025.06.14"]
[Round "2.3"]
[White "Yu, Rock"]
[Black "Vujatovic, Rajko"]
[Result "1/2-1/2"]
[WhiteElo "2057"]
[BlackElo "2222"]
[WhiteTeam "UK Chess Challenge Masters"]
[BlackTeam "Sassy Seniors"]
[WhiteFideId "489000"]
[BlackFideId "403393"]
[EventDate "2025.06.14"]
[EventType "team"]

1. d4 d5 2. e4 e6 3. e5 c5 4. c3 Nc6 5. Nf3 Bd7 6. Be2 Nge7 7. a3 Nf5 8. b4 cxd4
9. cxd4 Qb6 10. Bb2 Na5 11. Nbd2 Rc8 12. O-O Nc4 13. Nxc4 dxc4 14. Bc3 Be7 15.
Qd2 O-O 16. Bd1 Rfd8 17. Bc2 Bc6 18. Bxf5 exf5 19. Qf4 g6 20. Rfe1 Bd5 21. h4 h5
22. Re3 Qc6 23. Qh6 Bf8 24. Qf4 b5 25. Rae1 Re8 26. Kh2 Ra8 27. Rg1 a5 28. e6
Rxe6 29. Ne5 Bd6 30. g3 Qc7 31. Qh6 Bf8 32. Qf4 Bd6 33. Qh6 Bxe5 34. Rxe5 Rxe5
35. dxe5 Be6 36. Rd1 Rd8 37. Rd6 a4 38. Qd2 Rd7 39. Qd4 Qc8 40. Kg1 Qc7 41. f4
Qc8 42. Kf2 Qc7 43. Qc5 Qb7 44. Qd4 Qc7 45. Rxd7 Qxd7 46. Qxd7 Bxd7 47. Ke3 Kf8
48. Kd4 Ke7 49. Kc5 Ke6 50. Bd4 Be8 51. Bc3 Bd7 52. Kb6 Be8 53. Kc5 Bd7 54. Bd4
Be8 55. Bc3 Bd7 56. Bd4 Be8 57. Bc3 1/2-1/2

[Event "FIDE World Bl Team Pool B"]
[Site "London ENG"]
[Date "2025.06.14"]
[Round "2.4"]
[White "Lishoy Gengis Paratazham, Dildarav"]
[Black "Longson, Sarah N"]
[Result "1-0"]
[BlackTitle "WFM"]
[WhiteElo "2084"]
[BlackElo "1941"]
[WhiteTeam "Sassy Seniors"]
[BlackTeam "UK Chess Challenge Masters"]
[WhiteFideId "491462"]
[BlackFideId "2501465"]
[EventDate "2025.06.14"]
[EventType "team"]

1. Nf3 Nf6 2. g3 d5 3. Bg2 g6 4. O-O Bg7 5. d3 c5 6. Nbd2 Nc6 7. e4 O-O 8. Re1
Bg4 9. h3 Bxf3 10. Bxf3 dxe4 11. Nxe4 Nxe4 12. Bxe4 Qd7 13. Bg2 Rad8 14. Rb1 e5
15. Be3 b6 16. Qf3 Nd4 17. Bxd4 exd4 18. Re2 Rde8 19. Rbe1 Rxe2 20. Qxe2 Bf6 21.
a3 Kg7 22. Qe4 Qb5 23. b3 Qa5 24. a4 Qd2 25. Qe2 Qg5 26. h4 Qf5 27. Be4 Qh3 28.
Bg2 Qf5 29. Kh2 Rd8 30. Bh3 Qd5 31. Qe4 Qd6 32. Kg1 a5 33. Qb7 Be5 34. f4 Bf6
35. Re6 Qb8 36. Rxb6 Qxb7 37. Rxb7 Re8 38. Kf2 Re7 39. Rb5 Rc7 40. Rxa5 Rc6 41.
Bg2 Rc7 42. Rb5 Be7 43. a5 Ra7 44. Bb7 Kf6 45. a6 Ke6 46. Rb6+ Kd7 47. Bd5 f6
48. Bc4 Bd6 49. Bb5+ Kc7 50. Rc6+ Kd7 51. Rxc5+ Ke6 52. Rc6 Ke7 53. Rc8 h5 54.
Rg8 Kf7 55. Rh8 Ke6 56. Bc4+ Kf5 57. Re8 Bc5 58. Be6# 1-0

[Event "FIDE World Bl Team Pool B"]
[Site "London ENG"]
[Date "2025.06.14"]
[Round "2.5"]
[White "Vaidyanathan, Adithya"]
[Black "Dishman, Matthew"]
[Result "1-0"]
[WhiteElo "2111"]
[BlackElo "1978"]
[WhiteTeam "UK Chess Challenge Masters"]
[BlackTeam "Sassy Seniors"]
[WhiteFideId "495450"]
[BlackFideId "438642"]
[EventDate "2025.06.14"]
[EventType "team"]

1. d4 d5 2. c4 e6 3. Nc3 Nf6 4. cxd5 exd5 5. Nf3 Be7 6. Bg5 O-O 7. e3 c6 8. Bd3
Re8 9. O-O Bg4 10. h3 Bh5 11. Qc2 Nbd7 12. Ne5 Bg6 13. Bxg6 hxg6 14. f4 Nxe5 15.
fxe5 Nd7 16. Bxe7 Qxe7 17. Rf3 Rf8 18. Raf1 a5 19. e4 Nb6 20. exd5 cxd5 21. Qb3
Qe6 22. Nb5 a4 23. Qb4 Rad8 24. Nd6 Rxd6 25. exd6 Nc4 26. b3 Qxd6 27. Qxb7 Nd2
28. Rxf7 Rxf7 29. Rxf7 Ne4 30. Rxg7+ Kh8 31. Rh7+ 1-0

[Event "FIDE World Bl Team Pool B"]
[Site "London ENG"]
[Date "2025.06.14"]
[Round "2.6"]
[White "Regan, Natasha K"]
[Black "Veselow, Zoe"]
[Result "1-0"]
[WhiteTitle "WIM"]
[WhiteElo "2064"]
[BlackElo "1761"]
[WhiteTeam "Sassy Seniors"]
[BlackTeam "UK Chess Challenge Masters"]
[WhiteFideId "403067"]
[BlackFideId "497657"]
[EventDate "2025.06.14"]
[EventType "team"]

1. f4 d5 2. Nf3 c5 3. g3 e6 4. Bg2 Nc6 5. O-O Nf6 6. d3 Bd6 7. Nc3 a6 8. e4 Bc7
9. exd5 Nxd5 10. Ne2 O-O 11. h3 b5 12. g4 Rb8 13. Qe1 e5 14. f5 f6 15. Qh4 Nce7
16. Ng3 Bd7 17. g5 Nxf5 18. Nxf5 Bxf5 19. Bd2 Be6 20. Rae1 Re8 21. gxf6 Qxf6 22.
Ng5 Qh6 23. Qxh6 gxh6 24. Nxe6 Nf4 25. Nxf4 exf4 26. Rxe8+ Rxe8 27. Bxf4 Bxf4
28. Rxf4 Re2 29. Rf2 Re1+ 30. Kh2 Kg7 31. c4 b4 32. Be4 Re3 33. Kg2 Re1 34. Kf3
Rg1 35. Kf4 Ra1 36. b3 Kf6 37. Bd5 Rd1 38. Ke4+ Kg5 39. Ke3 Re1+ 40. Re2 Rf1 41.
Ke4 Rf8 42. Rg2+ Kh4 43. Be6 Re8 44. Kd5 Rd8+ 45. Kxc5 Rxd3 46. Kxb4 Rd6 47. Bd5
Kxh3 48. Re2 h5 49. Re6 Rxe6 50. Bxe6+ Kg3 51. c5 h4 52. c6 h3 53. Bd5 h2 54. c7
Kf4 55. c8=Q Kg5 56. Qh3 Kg6 57. Qxh2 Kf6 58. Qf4+ Kg7 59. Qg5+ Kf8 60. Qh6+ Ke7
61. Qxh7+ Kd6 62. Qf5 Kc7 63. Qe6 Kd8 64. Qf7 a5+ 65. Kc5 a4 66. Kd6 Kc8 67.
Qc7# 1-0

[Event "FIDE World Bl Team Pool B"]
[Site "London ENG"]
[Date "2025.06.14"]
[Round "3.1"]
[White "Adams, Michael"]
[Black "Gallana, Marco"]
[Result "1-0"]
[WhiteTitle "GM"]
[WhiteElo "2659"]
[BlackElo "2215"]
[WhiteTeam "Malcolm's Mates"]
[BlackTeam "Hammersmith Chess Club"]
[WhiteFideId "400041"]
[BlackFideId "824542"]
[EventDate "2025.06.14"]
[EventType "team"]

1. e4 c5 2. Nf3 Nc6 3. Bb5 g6 4. Bxc6 bxc6 5. d4 Bg7 6. dxc5 Qa5+ 7. Nbd2 Qxc5
8. O-O d6 9. Re1 Nf6 10. e5 dxe5 11. Nb3 Qd6 12. Nxe5 Qxd1 13. Rxd1 Bf5 14. Nd4
c5 15. Nxf5 gxf5 16. Be3 Rc8 17. f3 e6 18. c4 Ke7 19. Rd2 Nd5 20. Bg5+ f6 21.
Bh4 Nb6 22. b3 Rhd8 23. Rxd8 Kxd8 24. Rd1+ Ke8 25. Nd3 Nd7 26. Kf1 Ne5 27. Nxe5
fxe5 28. Rd6 Kf7 29. Rd7+ Kg6 30. Rxa7 e4 31. Ke2 exf3+ 32. gxf3 e5 33. Ra6+ Kh5
34. Bf2 e4 35. fxe4 fxe4 36. Rd6 Kg4 37. Rd7 Be5 38. h3+ Kf5 39. Rd5 Ra8 40. Bg3
Re8 41. Ke3 Kf6 42. Rxe5 Rxe5 43. Bxe5+ Kxe5 44. a3 1-0

[Event "FIDE World Bl Team Pool B"]
[Site "London ENG"]
[Date "2025.06.14"]
[Round "3.2"]
[White "Villiers, Thomas"]
[Black "Vitiugov, Nikita"]
[Result "0-1"]
[WhiteTitle "CM"]
[BlackTitle "GM"]
[WhiteElo "2158"]
[BlackElo "2671"]
[WhiteTeam "Hammersmith Chess Club"]
[BlackTeam "Malcolm's Mates"]
[WhiteFideId "427209"]
[BlackFideId "4152956"]
[EventDate "2025.06.14"]
[EventType "team"]

1. e4 e6 2. d4 d5 3. Nc3 Nf6 4. Bg5 dxe4 5. Nxe4 Be7 6. Bxf6 gxf6 7. Nf3 a6 8.
Qd2 b5 9. O-O-O Bb7 10. Bd3 f5 11. Ng3 Bxf3 12. gxf3 Qd5 13. Qa5 Bd6 14. Kb1 Nc6
15. Qd2 Nb4 16. b3 Qxf3 17. Qe3 Qxe3 18. fxe3 Nd5 19. e4 Nc3+ 20. Kc1 Nxd1 21.
Kxd1 Bxg3 22. hxg3 fxe4 23. Bxe4 Rd8 24. c3 c5 25. Rh4 cxd4 26. Bc6+ Ke7 27.
cxd4 Rhg8 28. Rxh7 Rxd4+ 29. Kc2 Rc8 30. Kc3 Rg4 0-1

[Event "FIDE World Bl Team Pool B"]
[Site "London ENG"]
[Date "2025.06.14"]
[Round "3.3"]
[White "Saric, Ivan"]
[Black "Stewart, Ashley"]
[Result "1-0"]
[WhiteTitle "GM"]
[WhiteElo "2661"]
[BlackElo "2093"]
[WhiteTeam "Malcolm's Mates"]
[BlackTeam "Hammersmith Chess Club"]
[WhiteFideId "14508150"]
[BlackFideId "419001"]
[EventDate "2025.06.14"]
[EventType "team"]

1. e4 c5 2. Nf3 g6 3. c3 d5 4. e5 Bg4 5. Bb5+ Nd7 6. O-O Bg7 7. d4 cxd4 8. cxd4
Nh6 9. h3 Bxf3 10. Qxf3 e6 11. Bd3 O-O 12. Nc3 Nf5 13. Bxf5 gxf5 14. Ne2 f6 15.
Nf4 Qe8 16. exf6 Nxf6 17. Re1 Ne4 18. Qd3 Bh6 19. f3 Bxf4 20. Bxf4 Nf6 21. Qe3
Nh5 22. Rac1 Rc8 23. Rxc8 Qxc8 24. Bh6 Rf6 25. Qg5+ Rg6 26. Qxh5 Qc2 27. Bg5 Qd3
28. Qh4 Kg7 29. Rc1 h6 30. Bxh6+ Rxh6 31. Qg5+ Rg6 32. Rc7+ Kf8 33. Qd8# 1-0

[Event "FIDE World Bl Team Pool B"]
[Site "London ENG"]
[Date "2025.06.14"]
[Round "3.4"]
[White "Hanache, Kai"]
[Black "McShane, Luke J"]
[Result "0-1"]
[BlackTitle "GM"]
[WhiteElo "2149"]
[BlackElo "2615"]
[WhiteTeam "Hammersmith Chess Club"]
[BlackTeam "Malcolm's Mates"]
[WhiteFideId "490105"]
[BlackFideId "404853"]
[EventDate "2025.06.14"]
[EventType "team"]

1. e4 e5 2. Nf3 Nc6 3. Bb5 Nf6 4. O-O Nxe4 5. Re1 Nd6 6. Nxe5 Be7 7. Bf1 Nf5 8.
c3 Nxe5 9. Rxe5 d6 10. Re1 O-O 11. d4 Bg5 12. Bd3 Bd7 13. Nd2 Re8 14. Rxe8+ Qxe8
15. Nf3 Bxc1 16. Qxc1 Ne7 17. Qf4 Nd5 18. Qh4 h6 19. Re1 Qd8 20. Qe4 Nf6 21. Qf4
Qf8 22. h3 Re8 23. Rxe8 Qxe8 24. c4 Qe7 25. b3 b6 26. Kf1 Nh5 27. Qd2 Qf6 28.
Be4 Nf4 29. Nh2 c5 30. dxc5 Qa1+ 31. Qe1 Qxe1+ 32. Kxe1 dxc5 33. h4 Kf8 34. g3
Nh5 35. Nf3 Ke7 36. Ke2 Nf6 37. Bc2 Kd6 38. Ke3 Ng4+ 39. Ke2 Bc6 40. Nd2 Ke5 41.
f3 Nf6 42. Ke3 Nh5 43. Nf1 g5 44. hxg5 hxg5 45. Bb1 f5 46. g4 fxg4 47. fxg4 Nf6
48. Bf5 Bg2 49. Nd2 Bb7 50. Nf1 Bc6 51. Nd2 Ne8 52. Be4 Bd7 53. Bf3 Nd6 54. Be2
Bc6 55. Nf1 Ne8 56. Nh2 Nf6 57. Bf3 Bd7 58. Be2 Kd6 59. Bf3 Be8 60. Nf1 Bg6 61.
Nd2 Ke5 62. Be2 Be4 63. Bf3 Bg6 64. Be2 Ne4 65. Nf3+ Kf6 66. Bd3 Nf2 67. Bxg6
Nxg4+ 68. Ke4 Kxg6 69. Kd5 Ne3+ 70. Ke4 Nd1 71. Kd3 Kf5 72. Kd2 Nf2 73. Ke3 Ng4+
74. Ke2 Ne5 75. Nd2 Kf4 76. Nf1 Nf3 77. Ne3 Nd4+ 78. Kf2 Ke4 79. Nd5 Nc6 80. Ke2
Nb4 81. Nc3+ Ke5 82. a3 Nc6 83. Ke3 Nd4 84. Ne4 0-1

[Event "FIDE World Bl Team Pool B"]
[Site "London ENG"]
[Date "2025.06.14"]
[Round "3.5"]
[White "Bulmaga, Irina"]
[Black "Aryaman Ganguly"]
[Result "1-0"]
[WhiteTitle "IM"]
[WhiteElo "2393"]
[BlackElo "1826"]
[WhiteTeam "Malcolm's Mates"]
[BlackTeam "Hammersmith Chess Club"]
[WhiteFideId "13903063"]
[BlackFideId "25981226"]
[EventDate "2025.06.14"]
[EventType "team"]

1. e4 c5 2. c3 d5 3. exd5 Qxd5 4. d4 Nf6 5. Nf3 e6 6. Be3 Be7 7. dxc5 Qxd1+ 8.
Kxd1 O-O 9. Bc4 Nc6 10. Nbd2 a5 11. a4 Rd8 12. Ke2 h6 13. h3 Kh8 14. g4 Nd7 15.
Nb3 Nde5 16. Nxe5 Nxe5 17. Bb5 Bd7 18. Ra2 Rdc8 19. f4 Bxb5+ 20. axb5 Nd7 21.
Rxa5 Rxa5 22. Nxa5 Nxc5 23. Bxc5 Rxc5 24. c4 b6 25. b4 Rc8 26. Nc6 Bd6 27. Kf3
Ra8 28. Rd1 Bf8 29. Rd7 Kg8 30. Ke4 g6 31. Rb7 Ra3 32. Ne5 Rxh3 33. Nxf7 Bxb4
34. Ne5 g5 35. Rxb6 gxf4 36. Rxe6 f3 37. Nxf3 Rg3 38. Kf4 Rg2 39. Rxh6 Kg7 40.
Rc6 Rc2 41. b6 1-0

[Event "FIDE World Bl Team Pool B"]
[Site "London ENG"]
[Date "2025.06.14"]
[Round "3.6"]
[White "Cepoi, Gesneria-Codruta"]
[Black "Omarov, Murat"]
[Result "0-1"]
[WhiteElo "1598"]
[BlackElo "1823"]
[WhiteTeam "Hammersmith Chess Club"]
[BlackTeam "Malcolm's Mates"]
[WhiteFideId "1285297"]
[BlackFideId "13731173"]
[EventDate "2025.06.14"]
[EventType "team"]

1. d4 Nf6 2. c4 g6 3. Nf3 Bg7 4. g3 d6 5. Bg2 O-O 6. O-O Nbd7 7. Nc3 e5 8. e3 a5
9. a4 Rb8 10. b3 b6 11. Re1 Bb7 12. d5 Ne8 13. e4 h6 14. Nh4 Kh7 15. Rb1 Nc5 16.
Qe2 Bc8 17. h3 Bd7 18. Kh2 Qe7 19. Bd2 f5 20. exf5 gxf5 21. f4 e4 22. Nb5 Bf6
23. Qh5 Bxh4 24. Qxh4 Qxh4 25. gxh4 Rg8 26. Nd4 Nf6 27. Re3 Nh5 28. Re2 Rg7 29.
Rg1 Rbg8 30. Rf2 Nd3 31. Re2 Ndxf4 32. Bxf4 Nxf4 33. Rb2 Nxg2 34. Rgxg2 f4 35.
Rge2 e3 36. Nf3 Rg3 37. Ne1 Rxh3# 0-1

[Event "FIDE World Bl Team Pool B"]
[Site "London ENG"]
[Date "2025.06.14"]
[Round "3.1"]
[White "Turner, Matthew J"]
[Black "Rakotomaharo, Fy Antenaina"]
[Result "1-0"]
[WhiteTitle "GM"]
[BlackTitle "IM"]
[WhiteElo "2441"]
[BlackElo "2441"]
[WhiteTeam "Sassy Seniors"]
[BlackTeam "Mother Continent"]
[WhiteFideId "402893"]
[BlackFideId "13100050"]
[EventDate "2025.06.14"]
[EventType "team"]

1. d4 d5 2. Nf3 Nf6 3. Bg5 c5 4. e3 Nc6 5. Nbd2 cxd4 6. exd4 Bg4 7. c3 e6 8. Qa4
Qb6 9. Ne5 Bf5 10. Bb5 Rc8 11. O-O a6 12. Bxc6+ bxc6 13. b4 h6 14. Bh4 Bd6 15.
Rfe1 Qb5 16. Qd1 a5 17. a4 Qa6 18. bxa5 Qxa5 19. Qf3 Be7 20. Nb3 Qb6 21. Nc5
Bxc5 22. dxc5 Qxc5 23. a5 Qa7 24. Qxf5 exf5 25. Nxc6+ Kd7 26. Nxa7 Rxc3 27. Bxf6
gxf6 28. Nb5 Rc5 29. Nd4 Ra8 30. Nxf5 Rcxa5 31. Rxa5 Rxa5 32. g4 Kc6 33. Rc1+
Kb6 34. Kg2 Ra4 35. h3 d4 36. Kf3 Ra3+ 37. Ke4 Rxh3 38. Nxd4 h5 39. Rc6+ Kb7 40.
Rxf6 hxg4 41. Rxf7+ Kb6 42. Rf6+ Kc7 43. Rf7+ Kd6 44. Rf4 Rh1 45. Rxg4 Re1+ 46.
Kf4 Ra1 47. Nf5+ Ke6 48. Rg6+ Kf7 49. Rd6 Ra2 50. f3 Rg2 51. Rd7+ Kf6 52. Rd6+
Kf7 53. Ra6 Rb2 54. Ng3 Ke7 55. Ne4 Rh2 56. Kf5 Rh5+ 57. Ng5 Rh1 58. f4 Rb1 59.
Ra7+ Kf8 60. Ne6+ 1-0

[Event "FIDE World Bl Team Pool B"]
[Site "London ENG"]
[Date "2025.06.14"]
[Round "3.2"]
[White "Mhango, Banele"]
[Black "Dishman, Stephen"]
[Result "1-0"]
[WhiteTitle "FM"]
[BlackTitle "FM"]
[WhiteElo "2236"]
[BlackElo "2274"]
[WhiteTeam "Mother Continent"]
[BlackTeam "Sassy Seniors"]
[WhiteFideId "14327040"]
[BlackFideId "403024"]
[EventDate "2025.06.14"]
[EventType "team"]

1. d4 d5 2. Nc3 Nf6 3. Bf4 e6 4. e3 Bb4 5. Bd3 c5 6. dxc5 Nbd7 7. Nf3 Nxc5 8.
O-O O-O 9. Nb5 Nxd3 10. cxd3 a6 11. Qb3 Ba5 12. Nbd4 Bc7 13. Bxc7 Qxc7 14. Rac1
Qd6 15. Nc2 Bd7 16. Qa3 Qxa3 17. Nxa3 Rac8 18. Ne5 Rxc1 19. Rxc1 Rc8 20. Rxc8+
Bxc8 21. Kf1 Kf8 22. Ke2 Ke7 23. Nc2 Ne8 24. Nf3 f6 25. d4 Nd6 26. Nd2 Bd7 27.
Na3 e5 28. Kd3 e4+ 29. Ke2 f5 30. f4 Kf6 31. Ndb1 g5 32. Nc3 Bc6 33. g3 h5 34.
h4 gxh4 35. gxh4 Nf7 36. Nc2 a5 37. b4 b6 38. b5 Bb7 39. Na4 Nh8 40. Nxb6 Ng6
41. Nd7+ Ke7 42. Nc5 Bc8 43. b6 Nxh4 44. b7 Bxb7 45. Nxb7 Nf3 46. Nxa5 h4 47.
Kf2 h3 48. Kg3 h2 49. Kg2 Kd6 50. a4 Kc7 51. Nb3 Kc6 52. Nb4+ Kd6 53. a5 1-0

[Event "FIDE World Bl Team Pool B"]
[Site "London ENG"]
[Date "2025.06.14"]
[Round "3.3"]
[White "Vujatovic, Rajko"]
[Black "George Samir, David"]
[Result "1/2-1/2"]
[BlackTitle "FM"]
[WhiteElo "2222"]
[BlackElo "2356"]
[WhiteTeam "Sassy Seniors"]
[BlackTeam "Mother Continent"]
[WhiteFideId "403393"]
[BlackFideId "10657789"]
[EventDate "2025.06.14"]
[EventType "team"]

1. e4 c5 2. Nf3 d6 3. Bb5+ Nd7 4. c3 a6 5. Ba4 Nf6 6. Qe2 b5 7. Bc2 Bb7 8. d4
cxd4 9. cxd4 e6 10. O-O Be7 11. Re1 Rc8 12. Bd3 O-O 13. Nbd2 Qb6 14. Nf1 d5 15.
e5 Ne4 16. Be3 f5 17. exf6 Ndxf6 18. Ne5 Nd6 19. Ng3 Nc4 20. Nh5 Qd6 21. Nxf6+
Bxf6 22. Qh5 h6 23. Bxh6 Qc7 24. Bf4 g5 25. Qg6+ Qg7 26. Qxg7+ Kxg7 27. Bg3 Nxb2
28. Be2 Rc2 29. Bg4 Re8 30. Rac1 Rxc1 31. Rxc1 Nc4 32. f4 gxf4 33. Bxf4 Re7 34.
g3 a5 35. h4 a4 36. Rb1 Ba6 37. h5 Nd6 38. h6+ Kh7 39. Rc1 Nc4 40. Rb1 Bxe5 41.
Bxe5 Kxh6 42. Bf4+ Kg6 43. Kf2 Kf6 44. Rh1 Kg7 45. Be5+ Nxe5 46. dxe5 Rc7 47.
Bxe6 Rc2+ 48. Kf3 d4 49. Bf5 Bb7+ 50. Be4 Bxe4+ 51. Kxe4 Rxa2 52. Rb1 d3 53.
Kxd3 Ra3+ 54. Ke4 Rxg3 55. Rxb5 a3 56. Ra5 Kf7 57. Ra6 Ke7 58. Kf5 Re3 59. Kf4
Rb3 60. Kf5 1/2-1/2